<?xml version="1.0" encoding="UTF-8"?>
<collection xmlns="http://www.loc.gov/MARC21/slim">
 <record>
  <leader>01696nam a22002657a 4500</leader>
  <controlfield tag="001">NCT_37057</controlfield>
  <controlfield tag="008">180526b        xxu||||| |||| 00| 0 vie d</controlfield>
  <datafield tag="999" ind1=" " ind2=" ">
   <subfield code="c">1789</subfield>
   <subfield code="d">1789</subfield>
  </datafield>
  <datafield tag="020" ind1=" " ind2=" ">
   <subfield code="c">115000</subfield>
  </datafield>
  <datafield tag="082" ind1="0" ind2="4">
   <subfield code="2">23rd ed.</subfield>
   <subfield code="a">627</subfield>
   <subfield code="b">B116</subfield>
  </datafield>
  <datafield tag="100" ind1="1" ind2=" ">
   <subfield code="a">Nguyễn Thượng Bằng</subfield>
  </datafield>
  <datafield tag="245" ind1="1" ind2="0">
   <subfield code="a">Quy hoạch thủy lợi</subfield>
   <subfield code="c">Nguyễn Trọng Bằng, Ngô Tuấn Kiệt, Phạm Đức Cường</subfield>
  </datafield>
  <datafield tag="260" ind1=" " ind2=" ">
   <subfield code="a">H.</subfield>
   <subfield code="b">Xây dựng</subfield>
  </datafield>
  <datafield tag="300" ind1=" " ind2=" ">
   <subfield code="a">253 tr.</subfield>
   <subfield code="b">Minh họa</subfield>
   <subfield code="c">27cm</subfield>
  </datafield>
  <datafield tag="520" ind1=" " ind2=" ">
   <subfield code="a">Sách Quy hoạch thủy lợi giới thiệu các phương pháp, kỹ thuật huy hoạch và tối ưu hóa khi lựa chọn quy mô, địam điểm, thời gian xây dựng một dự án thủy lợi.</subfield>
  </datafield>
  <datafield tag="653" ind1=" " ind2=" ">
   <subfield code="a">Kỹ thuật công trình xây dựng</subfield>
  </datafield>
  <datafield tag="700" ind1="1" ind2=" ">
   <subfield code="a">Ngô Tuấn Kiệt</subfield>
  </datafield>
  <datafield tag="700" ind1="1" ind2=" ">
   <subfield code="a">Phạm Đức Cường</subfield>
  </datafield>
  <datafield tag="942" ind1=" " ind2=" ">
   <subfield code="2">ddc</subfield>
   <subfield code="c">BK</subfield>
  </datafield>
  <datafield tag="952" ind1=" " ind2=" ">
   <subfield code="0">0</subfield>
   <subfield code="1">0</subfield>
   <subfield code="2">ddc</subfield>
   <subfield code="4">0</subfield>
   <subfield code="6">627_000000000000000_B116</subfield>
   <subfield code="7">0</subfield>
   <subfield code="9">8881</subfield>
   <subfield code="a">000001</subfield>
   <subfield code="b">000001</subfield>
   <subfield code="d">2018-05-26</subfield>
   <subfield code="o">627 B116</subfield>
   <subfield code="p">MD.08314</subfield>
   <subfield code="r">2018-05-26</subfield>
   <subfield code="v">115000.00</subfield>
   <subfield code="w">2018-05-26</subfield>
   <subfield code="y">BK</subfield>
  </datafield>
  <datafield tag="952" ind1=" " ind2=" ">
   <subfield code="0">0</subfield>
   <subfield code="1">0</subfield>
   <subfield code="2">ddc</subfield>
   <subfield code="4">0</subfield>
   <subfield code="6">627_000000000000000_B116</subfield>
   <subfield code="7">0</subfield>
   <subfield code="9">8885</subfield>
   <subfield code="a">000001</subfield>
   <subfield code="b">000001</subfield>
   <subfield code="d">2018-05-26</subfield>
   <subfield code="o">627 B116</subfield>
   <subfield code="p">MD.08310</subfield>
   <subfield code="r">2018-05-26</subfield>
   <subfield code="v">115000.00</subfield>
   <subfield code="w">2018-05-26</subfield>
   <subfield code="y">BK</subfield>
  </datafield>
  <datafield tag="952" ind1=" " ind2=" ">
   <subfield code="0">0</subfield>
   <subfield code="1">0</subfield>
   <subfield code="2">ddc</subfield>
   <subfield code="4">0</subfield>
   <subfield code="6">627_000000000000000_B116</subfield>
   <subfield code="7">0</subfield>
   <subfield code="9">8886</subfield>
   <subfield code="a">000001</subfield>
   <subfield code="b">000001</subfield>
   <subfield code="d">2018-05-26</subfield>
   <subfield code="o">627 B116</subfield>
   <subfield code="p">MD.08311</subfield>
   <subfield code="r">2018-05-26</subfield>
   <subfield code="v">115000.00</subfield>
   <subfield code="w">2018-05-26</subfield>
   <subfield code="y">BK</subfield>
  </datafield>
  <datafield tag="952" ind1=" " ind2=" ">
   <subfield code="0">0</subfield>
   <subfield code="1">0</subfield>
   <subfield code="2">ddc</subfield>
   <subfield code="4">0</subfield>
   <subfield code="6">627_000000000000000_B116</subfield>
   <subfield code="7">0</subfield>
   <subfield code="9">8887</subfield>
   <subfield code="a">000001</subfield>
   <subfield code="b">000001</subfield>
   <subfield code="d">2018-05-26</subfield>
   <subfield code="o">627 B116</subfield>
   <subfield code="p">MD.08312</subfield>
   <subfield code="r">2018-05-26</subfield>
   <subfield code="v">115000.00</subfield>
   <subfield code="w">2018-05-26</subfield>
   <subfield code="y">BK</subfield>
  </datafield>
  <datafield tag="952" ind1=" " ind2=" ">
   <subfield code="0">0</subfield>
   <subfield code="1">0</subfield>
   <subfield code="2">ddc</subfield>
   <subfield code="4">0</subfield>
   <subfield code="6">627_000000000000000_B116</subfield>
   <subfield code="7">0</subfield>
   <subfield code="9">8888</subfield>
   <subfield code="a">000001</subfield>
   <subfield code="b">000001</subfield>
   <subfield code="d">2018-05-26</subfield>
   <subfield code="o">627 B116</subfield>
   <subfield code="p">MD.08313</subfield>
   <subfield code="r">2018-05-26</subfield>
   <subfield code="v">115000.00</subfield>
   <subfield code="w">2018-05-26</subfield>
   <subfield code="y">BK</subfield>
  </datafield>
  <datafield tag="980" ind1=" " ind2=" ">
   <subfield code="a">Thư viện Trường Đại học Nam Cần Thơ</subfield>
  </datafield>
 </record>
</collection>
